Organizacion y procedimiento administrativos / por Luis Blanco de Tella, Francisco González Navarro
ISBN:
84-7111-090-3
Descripción Física:
443 p. ; 25 cm
Colección:
Monografías jurídicas ; 60
Otros Autores:
González Navarro, Francisco
MARC
| LEADER | 00000nam a2200000Ia 4500 | ||
|---|---|---|---|
| 001 | 18297 | ||
| 008 | 160829s1975 xx 000 0 cat d | ||
| 020 | |a 84-7111-090-3 | ||
| 080 | |a M-5-280 | ||
| 100 | |a Blanco de Tella, Luis |9 23107 | ||
| 245 | |a Organizacion y procedimiento administrativos / por Luis Blanco de Tella, Francisco González Navarro | ||
| 260 | |a Madrid : |b Montecorvo, |c 1975 | ||
| 300 | |a 443 p. ; |c 25 cm | ||
| 490 | |a Monografías jurídicas ; 60 | ||
| 590 | |a Bibliografia | ||
| 650 | 0 | |a Procediment administratiu |z Espanya |9 19587 | |
| 650 | 0 | |a Administració pública |z Espanya |9 19075 | |
| 700 | |a González Navarro, Francisco |9 23109 | ||
| 901 | |a Arxiu | ||
| 942 | |n 1 | ||
| 952 | |0 0 |1 0 |4 0 |6 M5280 |7 1 |9 42537 |a Arxiu |b Arxiu |d 2016-12-01 |l 0 |o M-5-280 |p 18297 |r 2016-12-01 00:00:00 |w 2016-12-01 |y ARXIU | ||
| 999 | |c 45042 |d 45042 | ||